00328pab a2200121 454500008004000000100002600040245006100066260000900127300001500136362001100151650001000162773003400172180718b2001 xxu||||| |||| 00| 0 eng d aKrishnaraj, Matthreyi aHow gender figures in economic theorising and philosophy c2001 ap.1425-434 a28 Apr aWomen aEconomic and Political Weekly